Foul Play: (Record no. 167088)

MARC details
000 -LEADER
fixed length control field 00486nam a22001697a 4500
010 ## - LCCN (DPL NO)
LC control number ENG-126262
020 ## - INTERNATIONAL STANDARD BOOK NUMBER
International Standard Book Number 978-93-82633-36-5
Terms of availability 550.00
035 ## - SYSTEM CONTROL NUMBER
System control number EN-109794
037 ## - SOURCE OF ACQUISITION
Source of stock number/acquisition DBAD/PUB
082 ## - DEWEY DECIMAL CLASSIFICATION NUMBER
Classification number 175
100 ## - MAIN ENTRY--PERSONAL NAME
Personal name Chandra, Ajay
245 ## - TITLE STATEMENT
Title Foul Play:
Statement of responsibility, etc by Ajay Chandra
Remainder of title Cheating In Sports/
260 ## - PUBLICATION, DISTRIBUTION, ETC. (IMPRINT)
Place of publication, distribution, etc Allahabad
Name of publisher, distributor, etc Shabd Prakashan
Date of publication, distribution, etc 2018
270 ## - ADDRESS
Address 116/70, Lukerganj
City Allahbad
Postal code 211001
300 ## - PHYSICAL DESCRIPTION
Extent 152p.
Other physical details ill
Dimensions 21cm(hbk)
942 ## - ADDED ENTRY ELEMENTS (KOHA)
Source of classification or shelving scheme Dewey Decimal Classification
Item type English Books
Classification part 175
Call number suffix CHA
Holdings
Withdrawn status Lost status Not for loan Collection code Home library Current library Date acquired Source of acquisition Cost, normal purchase price Full call number Barcode Copy number Cost, replacement price Koha item type
      Non-fiction Bawana Bawana 21/08/2019 DBAD/PUB 550.00 175 CHA EN-109794 1 550.00 English Books

© Delhi Public Library
Hit Counter
free hit counter